000 00208 a2200097 4500
001 49557
100 _aBogorad
245 _aThe college miscellany
260 _aNew York
_bRinehart
_c
090 _c32083
_d32083
942 _aNUST-CAE
_cM
_c24540
999 _c284630
_d284630